|
|
|
|
| LEADER |
00000nam a22000004a 4500 |
| 001 |
AR-BbUGT1061 |
| 003 |
AR-BbUGT |
| 005 |
20210610192121.0 |
| 007 |
ta |
| 008 |
061101t1973 |||ad |0|||0| d |
| 020 |
|
|
|a 84-281-0243-0
|
| 040 |
|
|
|a AR-BbUGT
|b spa
|c AR-BbUGT
|
| 082 |
0 |
4 |
|a 910.330
|
| 100 |
1 |
|
|a Santos, Milton.
|
| 245 |
1 |
0 |
|a Geografía y economía urbanas en los países subdesarrollados /
|c Milton Santos.
|
| 260 |
|
|
|a Barcelona :
|b Oikos-Tau,
|c 1973.
|
| 300 |
|
|
|a 281 p. :
|b il., gráficos
|
| 504 |
|
|
|a Bibliografía: p.263-276.
|
| 653 |
|
|
|a Economía urbana
|
| 653 |
|
|
|a Geografía de la población
|
| 653 |
|
|
|a Ciudades
|
| 653 |
|
|
|a Urbanismo
|
| 653 |
|
|
|a Urbanización
|
| 653 |
|
|
|a Población urbana
|
| 653 |
|
|
|a Empleo
|
| 653 |
|
|
|a Estructuras sociales
|
| 653 |
|
|
|a Oficios
|
| 653 |
|
|
|a Subdesarrollo
|
| 653 |
|
|
|a Redes urbanas
|
| 653 |
|
|
|a Espacio interno
|
| 653 |
|
|
|a Crecimiento urbano
|
| 942 |
|
|
|c BK
|h 910.330
|i SA59
|2 ddc
|6 910_330000000000000_SA59
|
| 999 |
|
|
|c 8910
|d 8910
|